Proyecto de Semiótica

Saved in:
Bibliographic Details
Main Author: Garroni, E (Author)
Format: Book
Language:Spanish
Published: Barcelona Gustavo Gili 1973
Series:Colección Comunicación Visual
Subjects:
Tags: Add Tag
No Tags, Be the first to tag this record!

MARC

LEADER 00000nam a2200000 a 4500
001 UCZ6348
003 CL-VaPUC
008 951211e19730000SP |||||||||||||||||spa|d
082 0 4 |a 401.41  |b GAR  |2 21 
100 0 |a Garroni, E  |e author  |9 350600 
245 1 0 |a Proyecto de Semiótica 
300 |a 378 p 
942 |c BK 
945 |d 19951211 00:00:00  |a rleighto 
260 |a Barcelona  |b Gustavo Gili  |c 1973 
650 0 |a Semiología  |9 317916 
650 0 |a Semántica  |9 265318 
650 0 |a Lingüística  |9 265068 
650 7 |a SIGNO  |2 CL-VaPUC  |9 350601 
583 |a last modification  |c 19951211 00:00:00  |k Rodrigo Vera 
490 0 |a Colección Comunicación Visual 
999 |c 242557  |d 242555 
952 |0 0  |1 0  |4 0  |6 401_410000000000000_GAR_1973  |7 0  |8 A  |9 255596  |a BIBEDU  |b BIBEDU  |d 2019-11-19  |i 3159663  |o 401.41 GAR 1973  |p 3159663  |r 2019-11-19  |w 2019-11-19  |y BK  |k LIT